| 000 | 00641nam a2200205 i 4500 | ||
|---|---|---|---|
| 001 | 50032 | ||
| 003 | ES-MaACL | ||
| 005 | 20230906162115.0 | ||
| 007 | t| | ||
| 008 | 030729s1971 ag ||||1| spa d | ||
| 080 | _a959.7"1961/75" | ||
| 245 | 0 | 4 |
_aLos crímenes de guerra en Vietnam / _ccompiladores, Erwin Knill y Judith Nies McFadden ; [traducción, Eduardo Goligorsky]. |
| 250 | _a1ª ed. | ||
| 260 |
_a[Buenos Aires] : _bGranica, _c1971. |
||
| 300 |
_a287 p. ; _c20 cm. |
||
| 650 | 4 |
_aGuerra del Vietnam, 1961-1975. _913204 |
|
| 700 | 1 |
_aKnoll, Erwin. _968362 |
|
| 700 | 1 |
_aGoligorsky, Eduardo. _957708 |
|
| 852 |
_aES-MaACL _jA-7379 |
||
| 999 |
_c50032 _d50032 |
||